MARC

LEADER 00000nam0a2200000 4500
001 302494
005 20260406161808.0
035 |a (RuTPU)RU\TPU\book\327701 
090 |a 302494 
100 |a 20150824d1962 k y0rusy50 ca 
101 0 |a rus 
102 |a RU 
105 |a a z 001zy 
200 1 |a Физические основы расчета полупроводниковых термоэлектрических устройств  |f А. И. Бурштейн 
210 |a Москва  |c Физматгиз  |d 1962 
215 |a 135 с.  |c ил. 
225 1 |a Физика полупроводников и полупроводниковых приборов 
320 |a Библиогр.: с. 134-135. 
606 1 |a Термоэлектрические приборы  |x Тепловые схемы  |2 stltpush  |3 (RuTPU)RU\TPU\subj\59988  |9 77479 
606 1 |a Полупроводники  |x Термоэлектрические свойства  |2 stltpush  |3 (RuTPU)RU\TPU\subj\50624  |9 69276 
610 1 |a термоэлектрические устройства 
610 1 |a полупроводниковые устройства 
610 1 |a расчеты 
610 1 |a физические основы 
610 1 |a тепловые потоки 
610 1 |a термоэлектрическое охлаждение 
610 1 |a подогрев 
610 1 |a термоэлектрические генераторы 
675 |a 621.362  |v 3 
675 |a 621.315.592:53  |v 3 
700 1 |a Бурштейн  |b А. И.  |g Анатолий Израилевич 
801 1 |a RU  |b 63413507  |c 20150824 
801 2 |a RU  |b 63413507  |c 20150916  |g RCR 
942 |c BK